Statele din SUA - Statistics

General Stats
  • This quiz has been taken 17 times
  • The average score is 17 of 50
Answers on the Map
Answers color-coded by a green-red scale on the quiz's map according to % correct below.
 
Answer Stats
Stat % Correct
California
93%
New York
93%
Texas
86%
Alaska
79%
Alabama
71%
Florida
71%
Washington
71%
Arizona
57%
Colorado
57%
Michigan
50%
Minnesota
50%
Arkansas
43%
Hawaii
43%
Connecticut
36%
Georgia
36%
Mississippi
36%
New Mexico
36%
Ohio
36%
Virginia
36%
Dakota de Nord
29%
Dakota de Sud
29%
Illinois
29%
Kansas
29%
Kentucky
29%
New Jersey
29%
Oklahoma
29%
Oregon
29%
Pensilvania
29%
Delaware
21%
Idaho
21%
Indiana
21%
Insula Rhode
21%
Iowa
21%
Massachusetts
21%
Montana
21%
Nebraska
21%
Nevada
21%
New Hampshire
21%
Virginia de Vest
21%
Carolina de Sud
14%
Louisiana
14%
Maine
14%
Maryland
14%
Missouri
14%
Tennessee
14%
Utah
14%
Wisconsin
14%
Carolina de Nord
7%
Vermont
7%
Wyoming
7%
No matching quizzes found
Score Distribution
Percent of People with Each Score
Percentile by Number Answered
Your Score History
You have not taken this quiz